000 02824naa a2200265 i 4500
001 232602
003 ES-MaBCM
005 20260305082041.0
008 260305s2025 sp ad||| |||| 00| 0 spa d
040 _cES-MaBCM
245 0 3 _aEl efecto del sexo de los líderes políticos y de la afinidad de género en las elecciones autonómicas
_cCarmen Ortega, José Manuel Trujillo, Francisco Javier Alarcón González, Pablo Oñate
504 _aBibliografía: p. 121-126
520 _aEn las últimas décadas, un número creciente de estudios han abordado el impacto del liderazgo político sobre el comportamiento electoral en los sistemas parlamentarios, destacando su papel como factor determinante de la decisión de voto. Sin embargo, el interés académico por el liderazgo femenino y sus efectos ha sido limitado, en parte debido al escaso número de mujeres candidatas a la presidencia de los ejecutivos nacionales. Del mismo modo, son escasos los estudios comparados que han explorado el efecto de la afinidad de género, es decir, si las mujeres tienen mayor predisposición a votar a partidos liderados por mujeres que los hombres, controlando otros condicionantes del voto. En este contexto, este trabajo analiza el efecto del sexo de los/as líderes políticos/as y de la afinidad de género en las elecciones autonómicas celebradas en España entre el año 2022 y 2024. Estas suponen un marco de estudio propicio para desarrollar esta línea de investigación, tanto por la similitud de sus características institucionales como por la diversidad de situaciones políticas que integran. Con esta finalidad, se han utilizado los estudios preelectorales del Centro de Investigaciones Sociológicas, completando la información con las características de los/as líderes, de los partidos y del contexto político. A partir de estrategias de análisis cuantitativas, los resultados muestran que las líderes son mejor valoradas por el electorado que los líderes de partido. Esta mejor valoración de las líderes es también más pronunciada entre las mujeres que entre los hombres. Por el contrario, ni el sexo de los/as líderes ni la afinidad de género ejercen un efecto significativo sobre la decisión de voto en las convocatorias autonómicas analizadas.
650 7 _aLiderazgo
_959272
650 0 _aIntención de voto
_9126191
650 0 _aIntegración de la perspectiva de género
_9129233
650 7 _aElecciones regionales
_958506
651 4 _aEspaña
_9115342
700 1 _aOrtega Villodres, Carmen
_961128
700 1 _aTrujillo Cerezo, José Manuel
_994172
700 1 _aAlarcón González, Francisco Javier
_9125219
700 1 _aOñate, Pablo
_934356
773 _dMadrid
_gN. 69 (nov. 2025), p. 97–136- Loc. S.506
_tRevista española de ciencia política
_w140329
942 _2udc
_cAREV
999 _c232602
_d232602